Historical metaphors and mythical realities : structure in the early history of the Sandwich Islands Kingdom

Αποθηκεύτηκε σε:
Λεπτομέρειες βιβλιογραφικής εγγραφής
Κύριος συγγραφέας: Sahlins, Marshall, 1930-
Μορφή: Βιβλίο
Γλώσσα:English
Δημοσίευση: Michigan : The University of Michigan Press, 1990.
Σειρά:ASAO special publications ; no. 1
Θέματα:
Ετικέτες: Προσθήκη ετικέτας
Δεν υπάρχουν, Καταχωρήστε ετικέτα πρώτοι!

MARC

LEADER 00000cam a2200000 i 4500
001 1/66787
008 931021s1990 miu| ||| |||| ||eng||
020 |a 0472027212 
035 |a ΛΕΣΒΟΣb10001785  |l 10001785 
040 |a GR-MyUa  |b gre  |e AACR2 
041 0 |a eng 
082 7 |a 996.9   |2 (22) 
100 1 |a Sahlins, Marshall,   |d 1930- 
245 1 0 |a Historical metaphors and mythical realities :   |b structure in the early history of the Sandwich Islands Kingdom /   |c Marshall Sahlins. 
260 |a Michigan :   |b The University of Michigan Press,   |c 1990. 
300 |a 84 σ. ;   |c 23 εκ. 
490 1 |a (Association for Social Anthropology in Oceania ;   |v no. 1) 
504 |a Περιλαμβάνει βιβλιογραφικές παραπομπές. 
600 1 0 |a Cook, James,   |d 1728-1779. 
650 0 |a Hawaiians  |x Social life and customs. 
650 0 |a Hawaiians  |x Religion. 
650 0 |a Acculturation  |z Hawaii. 
650 0 |a Structural anthropology. 
651 0 |a Hawaii  |x Discovery and exploration  |x English. 
767 0 8 |i Μεταφρασμένο ως:   |t Ιστορικές μεταφορές και μυθικές πραγματικότητες :  
830 0 |a ASAO special publications ;  |v no. 1 
852 |a INST  |b LESVOS  |e 19931021  |h 996.9 SAH  |p 005100005365  |q 005100005365  |t BK  |y 0